000 00680nam a22002297a 4500
003 DO-SdBNP
005 20230301100523.0
007 ta
008 211119b2021 dr ab||| |||| 00| 0 spa d
020 _a9789945099225
040 _aDO-SdBNP
_bspa
_cBNPHU
082 4 _222
100 1 _aAttías Antún, Mary Frances
_980674
245 1 0 _aFugaces /
_c Aaron Sosa ; fotografías Mary Frances Attías Antún.
246 _aFugacious
260 _aEE. UU. :
_bBlurd Inc,
_c2021.
300 _a98 p. :
_bretratos y mapas ;
_c28 cm.
590 _aInventariado, 2021 /LP
700 1 _aAttías Antún, Mary Frances,
_eretratos
_980675
910 _aLopérez
942 _2ddc
_cLBS1
999 _c51002
_d51002